| 000 | 00488nam a22001697a 4500 | ||
|---|---|---|---|
| 003 | NUST - PNEC | ||
| 005 | 20170116180843.0 | ||
| 008 | 150822b xxu||||| |||| 00| 0 eng d | ||
| 020 | _a354040578X | ||
| 040 | _cLIBRARY | ||
| 082 | _a543 WEN | ||
| 100 |
_95431 _aWenclawiak, Bernd; |
||
| 245 |
_aQuality assurance in analytical chemistry : training and teaching _cBernd Wenclawiak |
||
| 260 | _cc2004. | ||
| 650 |
_95432 _aChemistry, Analytic--Quality control _xMIS |
||
| 942 |
_2ddc _cBK |
||
| 999 |
_c64440 _d64440 |
||